=LDR 00000nam 2200000 4500 =001 INLIS000000000034784 =005 20240812025047 =035 ##$$a 0010-061300000034784 =008 240812################d##########0#ind## =041 ##$$a ind =082 ##$$a 813 =090 ##$$a 741.3, Yuk s =100 ##$$a Dewi ria utari =245 1#$$a The swan : $b Dewi ria utari =260 ##$$a Jakarta :$b [s.n],$c 2010 =300 ##$$a 167 Hlm ; $c 15 x 21 Cm =650 #4$$a Novel dewasa =850 ##$$a NBPNMAT =020 ##$$a 987-979-22-5974-2 =084 ##$$a 813 DEW t =250 ##$$a Cet. 1 =990 ##$$a 21020422 =990 ##$$a 21112429 =990 ##$$a 21020422 =990 ##$$a 21112429 =990 ##$$a 21020422 =990 ##$$a 21020422 =990 ##$$a 21112429